000 00435pab a2200169 454500
008 180718b1997 xxu||||| |||| 00| 0 eng d
100 _aBarry, Frank
245 _aFDI and trade: the Irish lost-country experience
260 _c1997
300 _ap.1798-1811
362 _aNov
650 _aForeign investment - Ireland
650 _aForeign investment
700 _aBradley, John
773 _aEconomic Journal
909 _a36637
999 _c36637
_d36637